|
|
|
|
| LEADER |
00000nam a2200000 i 4500 |
| 005 |
20140318182358.0 |
| 007 |
cr|||| |||| |
| 008 |
131014s2014 sp 000 0 spa d |
| 020 |
|
|
|a 9788415923305
|
| 035 |
|
|
|a 11825
|
| 040 |
|
|
|a SpMaUC
|d BUS
|d vLex
|
| 090 |
|
|
|c 4723
|d 4723
|
| 245 |
0 |
0 |
|a Salud en el trabajo y riesgos laborales emergentes /
|h [Recurso electrn̤ico] /
|c Margarita Isabel Ramos Quintana (directora) ; MarƯ̕a del Carmen Grau Pineda (coordinadora) ; [colaboran] Antonio Ojeda Avilš...[et al.]
|
| 256 |
|
|
|a Servicio en ln̕ea
|
| 260 |
|
|
|a Albacete :
|b Bomarzo,
|c 2013.
|
| 300 |
|
|
|a 1 recurso electrn̤ico
|
| 500 |
|
|
|a La prevencin̤ de riesgos laborales: una valoracin̤ crt̕ica de la Ley 31/1995. La proteccin̤ de la seguridad y salud laboral en Espaą: balance y perspectivas. Las funciones del convenio colectivo en el desarrollo de la prevencin̤ de riesgos laborales. El papel de la negociacin̤ colectiva en materia de seguridad y salud laboral. Tiempo de trabajo y conciliacin̤ de vida personal, familiar y laboral: riesgos psicosociales emergentes. Carga mental y estrš en el trabajo. Riesgos de carc̀ter psicosocial y acoso en el trabajo. Economa̕ irregular y trabajo no declarado: impacto sobre la salud y condiciones de trabajo. La salud y seguridad en el trabajo desde la perspectiva de la OIT.
|
| 506 |
1 |
|
|a Contenido solo disponible en los productos indicados
|d vLex Global
|d vLex Global (Academic Edition, excluding Law Schools)
|d vLex Global (U.S. Academic Edition, Law Schools)
|d vLex Global (U.S. Academic Edition, excluding Law Schools)
|d vLex Global (Academic Edition, Law Schools)
|
| 650 |
0 |
4 |
|a Seguridad en el trabajo
|
| 650 |
0 |
4 |
|a Higiene industrial
|
| 700 |
1 |
|
|a Ramos Quintana, Margarita Isabel,
|e dir.
|
| 700 |
1 |
|
|a Grau Pineda, MarƯ̕a del Carmen,
|e coord.
|
| 700 |
1 |
|
|a Ojeda Avilš, Antonio,
|e col.
|
| 740 |
0 |
|
|a vLex Libros (Servicio en ln̕ea)
|
| 856 |
4 |
0 |
|u http://vlex.com/source/salud-en-el-trabajo-y-riesgos-laborales-emergentes-11825
|z Acceso restringido
|
| 942 |
|
|
|c BOOK
|
| 999 |
0 |
|
|a Industrial safety
|
| 999 |
0 |
|
|a Industrial hygiene
|